| 000 | 00390nam a2200121Ia 4500 | ||
|---|---|---|---|
| 008 | 220615s9999||||xx |||||||||||||| ||und|| | ||
| 245 | 0 |
_aMechatronic Systems _bApplications |
|
| 546 | _aEnglish[eng] | ||
| 650 | _aRobotics | ||
| 700 | _aMilella Donato Di Paola, Annalisa||Cicirelli, Grazia | ||
| 856 | _uhttps://mts.intechopen.com/storage/books/3627/authors_book/authors_book.pdf | ||
| 942 | _cEB | ||
| 999 |
_c7662 _d7662 |
||